Language Quiz

Random Language Quiz

That thing you do (words that are nouns and verbs) Quiz Stats

 Plays Quiz not verified by Sporcle

Score 0/26 Timer 05:00
0 Plays Today
clue fill in the blank with answers A-Z % Correct
To eat or not to eat, that is the ________. I ________ if those are my only choices.question
93.8%
To ______ this quiz, type the correct ______ in the boxanswer
90.6%
I wouldn't want my inbox to ____ with spam; I've had my ____ of thatfill
90.6%
I might _____ pizza tonight. 'Pizza, get here quick! That's an _____!'order
87.5%
I hope the answers are easy to _____. My _____ is they areguess
84.4%
I ____ to stop for supper. The ____ for food is becoming evident.need
81.3%
_____ me if you like, but I haven't posted my _____ address on the siteemail
78.1%
If you need ____, I can ____ you to notice that the answers are alphabeticalhelp
78.1%
You're about to _____ the end of this game. I bet you are glad the end is within _____.reach
78.1%
I will ___ the toaster. That sure is a ___ful invention.use
78.1%
Don't _____ me if you lose; I won't take the _____blame
75%
I wish Sporcle would ________ the number of games players can contribute, but an ________ in my salary would be even betterincrease
75%
It might be fun to _____ the gavel on the bench. Don't stop playing if you hear a _____ at the doorknock
75%
clue fill in the blank with answers A-Z % Correct
I hope you don't ____. My ____ is definitely being stimulated creating this diversion.mind
75%
There is a _____ on the time. I had to _____ the game to 25 words because of the Xlimit
71.9%
So is the ______ cleaner. I can ______ up the bread crumbs later.vacuum
71.9%
You could try to _____, but do you want to be labelled a _____?cheat
65.6%
My _____ isn't working, so I can't _____ for food. phone
65.6%
Perhaps with a side of _____; but first I will have to _____ the bread.toast
65.6%
Don't ____ out yet. You're in the finish____.zone
59.4%
Some house ____ isn't so bad, but I prefer to ____ with words.work
53.1%
Now, a _____; they make good money. That would be a hard job to get though, I _____judge
37.5%
_may mark the spot, but I almost _ed it out of this quiz.x
34.4%
I will not ______ you to play, but I hope the game grows in ______demand
28.1%
Don't ____. You're almost done. I hope this game wasn't one big ____ for you.yawn
25%
Hmm, I could eat some ______. That might ______ my hunger.squash
9.4%

You're not logged in!

Compare scores with friends on all Sporcle quizzes.
OR
Log In

Show Comments

Extras

Created Mar 1, 2012ReportNominate
Tags:blank, noun, verb

Top Quizzes Today


Score Distribution

Your Account Isn't Verified!

In order to create a playlist on Sporcle, you need to verify the email address you used during registration. Go to your Sporcle Settings to finish the process.

Report this User

Report this user for behavior that violates our Community Guidelines.

Details: